| 000 | 00361nam a2200133Ia 4500 | ||
|---|---|---|---|
| 008 | 240624s9999 xx 000 0 und d | ||
| 041 | _aeng | ||
| 082 | _a658.421 DOY | ||
| 100 | _aDOYLE BRIAN | ||
| 245 | _aMENTORING ENTREPRENEURS SHARED WISDOM FR | ||
| 260 |
_c2006 _aNew Delhi _bPrentice-Hall of India |
||
| 300 | _axxi, : 225 : p. : cm. ; 22 | ||
| 365 |
_cRS _b36 |
||
| 999 |
_c7463 _d7463 |
||